000 00688nam a2200241Ia 4500
005 20260430150550.0
008 008 250103s9999 xx 000 0 eng d
037 _aTheses
040 _aCRL
040 _beng
040 _ceng
041 _2eng
041 _aeng
084 _qCRL
100 _aDimri Mayank Au.; Singh Avindra Kumar Gu.; Nahar Sultana N. Gu.
_91237872
245 0 _aStudy of Atomic Processes for Multi-Charged Ions for Plasma Diagnostics
260 _c2024
300 _a120p.
650 _aAstrology; Physics
700 _aUniversity of Delhi. Faculty of Science. Deptt. of Physics & Astrophysics
_91237110
942 _cTH
999 _c1850093
_d1850093